|
|
|
|
| LEADER |
00000cam a2200000 a 4500 |
| 001 |
vtls001291801 |
| 003 |
SK-MaSNL |
| 005 |
20260301004619.0 |
| 008 |
240621s1996 xo gr 000 f slo |
| 015 |
|
|
|a SNBA1997/1103322
|
| 020 |
|
|
|a 8085352915
|q (viazané)
|
| 035 |
|
|
|a SNK000243488
|
| 035 |
|
|
|a urn:nbn:sk:snk-amkghh
|
| 035 |
|
|
|a urn:nbn:sk:snk-am008fuv
|
| 035 |
|
|
|a 21CD835D-6B55-44BE-BDB1-9CC3C521A78D
|
| 040 |
|
|
|a SNK
|b slo
|c SNK
|e AACR2
|
| 041 |
1 |
|
|a slo
|h fre
|
| 044 |
|
|
|a xo
|c SK
|
| 072 |
|
7 |
|a 821.133.1-3
|x Francúzska próza, francúzsky písaná
|2 konspekt
|
| 072 |
|
7 |
|a 821-31/-34
|x Ľúbostná, dobrodružná, fantastická próza
|2 konspekt
|
| 080 |
|
|
|a 821.133.1-31
|2 2011
|
| 080 |
|
|
|a 821-311.6
|2 2011
|
| 080 |
|
|
|a (0:82-312.5)
|2 2011
|
| 100 |
1 |
|
|a Benzoni, Juliette,
|d 1920-2016
|4 aut
|9 52463
|
| 240 |
1 |
4 |
|a Les loups de Lauzargues. Félicia au soleil couchant
|l Slovensky
|
| 245 |
1 |
0 |
|a Údolie vlkov
|n 3
|c Juliette Benzoniová ; [z francúzskeho originálu Les loups de Lauzargues. Félicia au soleil couchant ... preložila Alica Wursterová]
|
| 250 |
|
|
|a 1. vyd.
|
| 260 |
|
|
|a Bratislava
|b Remedium
|c 1996
|
| 300 |
|
|
|a 295 strán
|c 22 cm
|
| 500 |
|
|
|a Tretia časť zo série Údolie vlkov
|
| 655 |
|
7 |
|a ľúbostné romány
|2 SNKPH
|9 70497
|
| 655 |
|
7 |
|a historické romány
|2 SNKPH
|9 70253
|
| 655 |
|
7 |
|a francúzske romány
|2 SNKPH
|9 70252
|
| 700 |
1 |
|
|a Wursterová, Alica,
|d 1949-
|4 trl
|9 182087
|
| 700 |
1 |
|
|i Pokračovanie diela:
|a Benzoni, Juliette,
|d 1920-2016
|t Hortense au point du jour
|l Slovensky
|9 287707
|
| 787 |
0 |
8 |
|i Zo série:
|t Údolie vlkov
|g 3
|
| 852 |
|
|
|a Slovenská národná knižnica
|
| 919 |
|
|
|a 80-85352-91-5
|
| 954 |
|
|
|a beletria cudzojazyčná (svetová)
|2 lita
|
| 958 |
|
|
|a RK
|
| 958 |
|
|
|a TL
|
| 958 |
|
|
|a LX
|
| 958 |
|
|
|a OND
|
| 958 |
|
|
|a UP
|
| 999 |
|
|
|c 542613
|d 544543
|
| 952 |
|
|
|t P60, <09>, [BOOK], {629}
|a SNK
|b SNK
|y NEVYP
|7 0
|o snkC 1569
|i snk3049/970627
|0 0
|1 0
|4 0
|d 1997-06-26
|l 0
|r 2005-01-02 00:00:00
|w 2026-02-23
|
| 952 |
|
|
|t P60, <05>, [BOOK], {605}
|a SNK
|b SNK
|y PREZ
|7 0
|p 17A0088021
|o snkSC 93499/3 D1
|i snkKSP 8802/97
|0 0
|1 0
|4 0
|d 1997-08-11
|l 0
|r 2005-01-02 00:00:00
|w 2026-02-23
|
| 952 |
|
|
|t P60, <03>, [BOOK], {603}
|a SNK
|b SNK
|y PREZ
|7 0
|p 17A0072319
|o snkSC 93499/3
|i snkKSP 6668/97
|0 0
|1 0
|4 0
|d 1997-06-26
|f 1
|l 0
|r 2025-09-11 00:00:00
|w 2026-02-23
|